Windows NT 4 workstation quickstart / (Record no. 179772)
[ view plain ]
| 000 -LEADER | |
|---|---|
| fixed length control field | 01273 a2200241 4500 |
| 003 - CONTROL NUMBER IDENTIFIER | |
| control field | Nust |
| 005 - DATE AND TIME OF LATEST TRANSACTION | |
| control field | 20221012175703.0 |
| 010 ## - LIBRARY OF CONGRESS CONTROL NUMBER | |
| LC control number | 98160277 |
| 020 ## - INTERNATIONAL STANDARD BOOK NUMBER | |
| International Standard Book Number | 1562764306 : |
| 035 ## - SYSTEM CONTROL NUMBER | |
| System control number | (OCoLC)36067556 |
| 040 ## - CATALOGING SOURCE | |
| Transcribing agency | Nust |
| 082 00 - DEWEY DECIMAL CLASSIFICATION NUMBER | |
| Classification number | 005.4469,SCO |
| 100 1# - MAIN ENTRY--PERSONAL NAME | |
| Personal name | Scott, Richard P. |
| 9 (RLIN) | 100062 |
| 245 10 - TITLE STATEMENT | |
| Title | Windows NT 4 workstation quickstart / |
| Statement of responsibility, etc. | Richard Scott for Logical Operations. |
| 246 14 - VARYING FORM OF TITLE | |
| Title proper/short title | Microsoft Windows NT 4 workstation quickstart |
| 260 ## - PUBLICATION, DISTRIBUTION, ETC. | |
| Place of publication, distribution, etc. | Emeryville, Calif. : |
| Name of publisher, distributor, etc. | Ziff-Davis Press, |
| Date of publication, distribution, etc. | c1996. |
| 300 ## - PHYSICAL DESCRIPTION | |
| Extent | xxi, 286 p. : |
| Other physical details | ill ; |
| Dimensions | 24 cm. + |
| Accompanying material | 1 computer disk (3 1/2 in.) |
| 440 #0 - SERIES STATEMENT/ADDED ENTRY--TITLE | |
| Title | Quickstart |
| 9 (RLIN) | 100063 |
| 505 ## - FORMATTED CONTENTS NOTE | |
| Formatted contents note | Creating your Work Folder (Page-1), Welcome to Windows NT 4.0 (Page-9), The Desktop Taskbar, and Start Button (Page-35), Exploring Windows Explorer (Page-61), Exploring windows Explorer (Page-87), Getting Online Help : An Overview (Page-121), Using Windows NT Accessories (Page-145), Customizing Windows NT (Page-185), Sharing Data Among Programs (Page-213), Advanced Windows NT Skills (Page-235), Networking, Telecommunications, and the Internet (Page-263), Installing Windows NT on your Computer (Page-274). |
| 650 #0 - SUBJECT ADDED ENTRY--TOPICAL TERM | |
| Topical term or geographic name entry element | Operating systems (Computers) |
| 710 2# - ADDED ENTRY--CORPORATE NAME | |
| Corporate name or jurisdiction name as entry element | Logical Operations, Inc. |
| 9 (RLIN) | 36648 |
| 942 ## - ADDED ENTRY ELEMENTS (KOHA) | |
| Source of classification or shelving scheme | |
| Koha item type | Book |
| Call number prefix | 005.4469,SCO |
| Withdrawn status | Lost status | Source of classification or shelving scheme | Damaged status | Not for loan | Permanent Location | Current Location | Shelving location | Date acquired | Full call number | Barcode | Date last seen | Price effective from | Koha item type | Public note |
|---|---|---|---|---|---|---|---|---|---|---|---|---|---|---|
| Military College of Signals (MCS) | Military College of Signals (MCS) | General Stacks | 12/12/2016 | 005.4469,SCO | MCS27031 | 12/08/2016 | 12/12/2016 | Book | Almirah No.6, Shelf No.4 |
